Production of fumonisin B(inf1) and moniliformin by gibberella fujikuroi from rice from various geographic areas /

Guardado en:
Detalles Bibliográficos
Autor principal: Desjardins, A. E.
Otros Autores: Nelson, P. E., Plattner, R. D.
Formato: Artículo
Lenguaje:English
Materias:
Etiquetas: Agregar Etiqueta
Sin Etiquetas, Sea el primero en etiquetar este registro!
Thư viện lưu trữ: Thư viện Trường Đại học Đà Lạt
LEADER 01050nam a2200337 4500
001 DLU090096539
005 ##20091201
040 # # |a DLU  |b eng 
041 # # |a eng 
044 # # |a us 
100 # # |a Desjardins, A. E. 
245 # # |a Production of fumonisin B(inf1) and moniliformin by gibberella fujikuroi from rice from various geographic areas /  |c A. E. Desjardins, R. D. Plattner, P. E. Nelson. 
653 # # |a Biosynthesis  
653 # # |a Cereal crop  
653 # # |a Fertility  
653 # # |a Fungi  
653 # # |a Gibberella fujikuroi  
653 # # |a Monocotyledones  
653 # # |a Plant pathogen  
700 # # |a Nelson, P. E. 
700 # # |a Plattner, R. D. 
773 # # |t Applied and Environmental Microbiology  |g Vol. 63, no. 5 (May 1997), p. 1838-1842 
920 # # |a Phòng Tạp chí -- Trung tâm Thông tin - Thư viện Trường Đại học Đà Lạt 
994 # # |a DLU 
900 # # |a True 
911 # # |a Trương Bảo Trâm Anh 
925 # # |a G 
926 # # |a A 
927 # # |a BB 
980 # # |a Thư viện Trường Đại học Đà Lạt